Normal view MARC view

Entry Personal Name

Number of records used in: 1

001 - CONTROL NUMBER

  • control field: 25542

003 - CONTROL NUMBER IDENTIFIER

  • control field: dpl

005 - DATE AND TIME OF LATEST TRANSACTION

  • control field: 20110125105023.0

008 - FIXED-LENGTH DATA ELEMENTS

  • fixed length control field: 110125|||a|||||| | ||| d

040 ## - CATALOGING SOURCE

  • Original cataloging agency: dpl
  • Transcribing agency: dpl

100 ## - HEADING--PERSONAL NAME

  • Personal name: Nariman, Fali S.

670 ## - SOURCE DATA FOUND

  • Source citation: Work cat.: (dpl)0: Nariman, Fali S. 25541, Before memory fades-- :, c2010.

670 ## - SOURCE DATA FOUND

  • Source citation: Work cat.: (dpl)0: Nariman, Fali S. 25541, Before memory fades-- :, c2010.

© Delhi Public Library
Hit Counter
free hit counter